000 00544nam a22001697a 4500
003 OSt
005 20250515122043.0
008 250515b |||||||| |||| 00| 0 eng d
020 _a9780144001040
040 _crda
100 _aDunham, Mikel.,
_eauthor
_9784493
245 _aBuddha's Warriors:
_bThe Story of the CIA-Backed Tibetan Freedom Fighters, the Chinese Invansion, and the Ultimate Fall of Tibet
_cby Mikel Dunham
260 _aNew Delhi:
_bPenguin Group,
_c2004
300 _axiii,433p.
650 _2Warriors
942 _2CC
_cGB
_n0
999 _c1400926
_d1400926